000 00895nam a22002537a 4500
005 20221210103621.0
008 220914b ii ||||| |||| 00| 0 Mai d
020 _a9788194456605
_cRs 200.00
_qHbk
040 _aNLI
_bmai
_cMaithili Division
041 0 _amai
044 _aii
082 0 4 _223rd ed.
_aH 891.4543
_bJh 662
100 1 _6880-01
_aझा, रेवतीरमण.
_9679841
245 1 0 _6880-02
_aमैना :
_b( मैथिलि उपन्यास ) /
_cरेवतीरमण झा
260 _aमधुबनी :
_bनवारंभ प्रकाशन :
_c2020.
300 _a168 p.;
_c22 cm.
650 0 _aMaithili Novel
_91425907
700 1 _6880-03
880 1 _6100-01
_aJhā, Rēvatīramaṇa.
880 1 _6245-02
_aMainā :
_b(maithili upanyāsa) /
_cRēvatīramaṇa Jhā
887 _aKeshav Kumar Jha
942 _2ddc
_cBKS
999 _c1554591
_d1554591